[Event "Bank Lviv-open 2016 (C-Open)"]
[Site "Lviv"]
[Date "2016.03.15"]
[Round "4.6"]
[White "Rakhmangulov, Andrei"]
[Black "Kovalev, Vladislav"]
[Result "1/2-1/2"]
[WhiteElo "2404"]
[BlackElo "2633"]
[PlyCount "115"]
[EventDate "2016.03.15"]
[EventType "swiss (rapid)"]
[EventRounds "11"]
[EventCountry "UKR"]

1. d4 Nf6 2. Nf3 g6 3. c3 Bg7 4. h3 O-O 5. Bf4 d6 6. e3 b6 7. Bc4 Bb7 8. O-O
Nbd7 9. Nbd2 Qe8 10. a4 a6 11. Bh2 e5 12. a5 b5 13. Be2 c5 14. Ne1 Qe7 15. Bf3
Bxf3 16. Nexf3 e4 17. Ne1 c4 18. Nc2 Nd5 19. f3 f5 20. fxe4 fxe4 21. Qg4 N7f6
22. Qg3 Rad8 23. Qe1 Bh6 24. Qe2 Rf7 25. g4 Rdf8 26. Bg3 Bg7 27. Qh2 Ne8 28.
Rxf7 Rxf7 29. Qg2 Bh6 30. Re1 Nef6 31. Bh4 g5 32. Bg3 Bf8 33. Rf1 h6 34. Rf5
Qe6 35. Nf1 Ne7 36. Rf2 Ng6 37. Rf5 Ne7 38. Rf2 Ng6 39. Rf5 d5 40. Qh2 Ne8 41.
Qf2 Ng7 42. Rxf7 Qxf7 43. Qxf7+ Kxf7 44. Bc7 Nh4 45. Kf2 Be7 46. Ng3 Ne6 47.
Bb6 Bd6 48. Ne2 Ke8 49. Nc1 Nd8 50. Bxd8 Kxd8 51. Na2 Ng6 52. Nab4 Ne7 53. Nxa6
Nc6 54. Nab4 Nxb4 55. cxb4 Kc7 56. Ke2 Kc6 57. Kd2 Bg3 58. Kc3 1/2-1/2

[Event "Bank Lviv-open 2016 (C-Open)"]
[Site "Lviv"]
[Date "2016.03.15"]
[Round "5.1"]
[White "Onischuk, Vladimir"]
[Black "Vorontsov, Pavlo"]
[Result "1-0"]
[WhiteElo "2732"]
[BlackElo "2486"]
[PlyCount "51"]
[EventDate "2016.03.15"]
[EventType "swiss (rapid)"]
[EventRounds "11"]
[EventCountry "UKR"]

1. e4 d5 2. exd5 Qxd5 3. Nc3 Qd6 4. d4 Nf6 5. Nf3 g6 6. g3 Bg7 7. Bg2 Qa6 8.
Qe2 O-O 9. Bf4 Qxe2+ 10. Nxe2 Nd5 11. Be5 f6 12. Bf4 Nxf4 13. Nxf4 c6 14. d5
cxd5 15. Nxd5 Nc6 16. O-O-O Bg4 17. h3 Bxf3 18. Bxf3 Rad8 19. Nc7 Bh6+ 20. Kb1
Rxd1+ 21. Rxd1 Rd8 22. Bd5+ Kh8 23. c3 e5 24. Kc2 Nb4+ 25. cxb4 Rc8 26. Bc4 1-0

[Event "Bank Lviv-open 2016 (C-Open)"]
[Site "Lviv"]
[Date "2016.03.15"]
[Round "5.2"]
[White "Kislinsky, Alexey"]
[Black "Bortnyk, Olexandr"]
[Result "0-1"]
[WhiteElo "2486"]
[BlackElo "2606"]
[PlyCount "98"]
[EventDate "2016.03.15"]
[EventType "swiss (rapid)"]
[EventRounds "11"]
[EventCountry "UKR"]

1. e4 d6 2. d4 Nf6 3. Nc3 Nbd7 4. Nf3 e5 5. Bc4 Be7 6. O-O O-O 7. a4 a5 8. h3
c6 9. Re1 h6 10. Ba2 Re8 11. Nh4 Nf8 12. dxe5 dxe5 13. Qf3 Be6 14. Nf5 Bxf5 15.
Qxf5 Bb4 16. Be3 Qd7 17. Qf3 N8h7 18. Red1 Qe7 19. Ne2 Ng5 20. Bxg5 hxg5 21.
Ng3 g6 22. Rd3 Rad8 23. Rad1 Rxd3 24. Qxd3 Bc5 25. Qc4 Kg7 26. Rd3 b6 27. c3
Rh8 28. Rf3 Rh4 29. b4 axb4 30. cxb4 Bxb4 31. Qxc6 Bc5 32. a5 Rf4 33. a6 g4 34.
hxg4 Nxg4 35. Qb7 Bxf2+ 36. Kf1 Qb4 37. Ke2 Qb2+ 38. Kd3 Qa3+ 39. Kc4 Qxa2+ 40.
Kb5 Qa5+ 41. Kc6 Qc5+ 42. Kd7 Nf6+ 43. Kd8 Qd6+ 44. Kc8 Rh4 45. Nf5+ gxf5 46.
Rh3 Rxe4 47. Qc7 Qxc7+ 48. Kxc7 Ra4 49. Kb7 b5 0-1

[Event "Bank Lviv-open 2016 (C-Open)"]
[Site "Lviv"]
[Date "2016.03.15"]
[Round "5.3"]
[White "Kuzubov, Yuriy"]
[Black "Koziak, Vitali"]
[Result "1/2-1/2"]
[WhiteElo "2567"]
[BlackElo "2406"]
[PlyCount "72"]
[EventDate "2016.03.15"]
[EventType "swiss (rapid)"]
[EventRounds "11"]
[EventCountry "UKR"]

1. d4 d5 2. c4 e6 3. Nf3 Nf6 4. g3 Bb4+ 5. Bd2 Be7 6. Bg2 O-O 7. O-O c6 8. Bf4
dxc4 9. Ne5 Nd5 10. Nxc4 Nxf4 11. gxf4 c5 12. dxc5 Bxc5 13. Nc3 Nd7 14. Ne4 Be7
15. Rc1 Nb6 16. Qxd8 Rxd8 17. Nxb6 axb6 18. a3 Kf8 19. Ng5 h6 20. Nf3 g5 21.
fxg5 hxg5 22. Ne5 b5 23. Nd3 Ra4 24. Rc2 Rc4 25. Rfc1 Rxc2 26. Rxc2 Bd6 27. h3
Ke7 28. Kf1 f5 29. Rc3 e5 30. e4 fxe4 31. Bxe4 Bxh3+ 32. Ke2 b6 33. Nxe5 Bxe5
34. Rxh3 Bxb2 35. Rb3 Bd4 36. Rxb5 Bc5 1/2-1/2

[Event "Bank Lviv-open 2016 (C-Open)"]
[Site "Lviv"]
[Date "2016.03.15"]
[Round "5.4"]
[White "Borisenko, Viacheslav"]
[Black "Malakhatko, Vadim"]
[Result "1/2-1/2"]
[WhiteElo "2403"]
[BlackElo "2553"]
[PlyCount "64"]
[EventDate "2016.03.15"]
[EventType "swiss (rapid)"]
[EventRounds "11"]
[EventCountry "UKR"]

1. e4 c5 2. Nf3 e6 3. c3 Nf6 4. e5 Nd5 5. d4 cxd4 6. cxd4 d6 7. Nc3 Nxc3 8.
bxc3 Qc7 9. Bd2 Nd7 10. exd6 Bxd6 11. Bd3 b6 12. Ng5 Nf6 13. Ne4 Nxe4 14. Bxe4
Rb8 15. h3 O-O 16. Qh5 g6 17. Qe2 Bf4 18. O-O Bxd2 19. Qxd2 Ba6 20. Rfe1 Rbc8
21. Re3 Qf4 22. a4 Bc4 23. a5 b5 24. a6 Rfd8 25. Qb2 Qd6 26. Bb7 Rc7 27. Re5
Qb6 28. Qb4 Qd6 29. Qb2 Qb6 30. Qb4 Qd6 31. Qa5 Bd5 32. Qxb5 Rxc3 1/2-1/2

[Event "Bank Lviv-open 2016 (C-Open)"]
[Site "Lviv"]
[Date "2016.03.15"]
[Round "5.5"]
[White "Neverov, Valeriy"]
[Black "Omelja, Artem"]
[Result "1-0"]
[WhiteElo "2482"]
[BlackElo "2374"]
[PlyCount "97"]
[EventDate "2016.03.15"]
[EventType "swiss (rapid)"]
[EventRounds "11"]
[EventCountry "UKR"]

1. d4 f5 2. Nf3 Nf6 3. g3 g6 4. b3 Bg7 5. Bb2 O-O 6. Bg2 Ne4 7. O-O c5 8. e3 e6
9. c4 Nc6 10. Qe2 d6 11. Rd1 Qe7 12. Nc3 Nxc3 13. Bxc3 e5 14. dxc5 dxc5 15. Qb2
e4 16. Bxg7 Qxg7 17. Qxg7+ Kxg7 18. Ne1 Ne5 19. Rd5 Kf6 20. Rxc5 Rd8 21. f3
exf3 22. Nxf3 Ng4 23. Re1 Rd3 24. e4 fxe4 25. Ng5 e3 26. Nxh7+ Kg7 27. Rc7+ Rd7
28. Rxd7+ Bxd7 29. Ng5 Re8 30. Bxb7 Bf5 31. Bf3 Kf6 32. Ne4+ Bxe4 33. Bxg4 Bd3
34. Bf3 Re5 35. Rc1 Ke7 36. c5 Kd8 37. Rd1 e2 38. Rxd3+ Kc7 39. Bxe2 Rxe2 40.
Rd6 g5 41. Ra6 Kb7 42. Ra4 Rc2 43. b4 Rb2 44. a3 a6 45. c6+ Kb6 46. c7 Rc2 47.
Ra5 g4 48. Rg5 Rc4 49. Rxg4 1-0

[Event "Bank Lviv-open 2016 (C-Open)"]
[Site "Lviv"]
[Date "2016.03.15"]
[Round "5.6"]
[White "Skliarov, Viktor"]
[Black "Areshchenko, Alexander"]
[Result "1-0"]
[WhiteElo "2401"]
[BlackElo "2663"]
[PlyCount "91"]
[EventDate "2016.03.15"]
[EventType "swiss (rapid)"]
[EventRounds "11"]
[EventCountry "UKR"]

1. e4 c5 2. Nf3 d6 3. d4 cxd4 4. Qxd4 Nf6 5. Nc3 Nc6 6. Bb5 Bd7 7. Bxc6 Bxc6 8.
Bg5 e6 9. O-O-O Be7 10. Rhe1 h6 11. Bh4 e5 12. Qd3 g5 13. Bg3 Qc7 14. Nb5 Bxb5
15. Qxb5+ Nd7 16. h4 a6 17. Qe2 Nc5 18. hxg5 hxg5 19. Rh1 O-O-O 20. Rxh8 Rxh8
21. Nd2 b5 22. Nf1 Qa5 23. a3 b4 24. axb4 Qxb4 25. f3 g4 26. Be1 gxf3 27. gxf3
Qb5 28. Qg2 Kd7 29. Ne3 Ne6 30. Nd5 Bg5+ 31. Kb1 a5 32. Bc3 Kc6 33. Qf2 Kb7 34.
Bd2 Bxd2 35. Qxd2 Nd4 36. Qg5 Qd7 37. c3 Ne6 38. Qe3 Qc6 39. Ne7 Qc7 40. Nf5
Rd8 41. Rd5 Nc5 42. Nxd6+ Rxd6 43. Rxc5 Rd1+ 44. Kc2 Qd6 45. Rxa5 Rh1 46. Qa7+
1-0

[Event "Bank Lviv-open 2016 (C-Open)"]
[Site "Lviv"]
[Date "2016.03.16"]
[Round "6.1"]
[White "Bortnyk, Olexandr"]
[Black "Onischuk, Vladimir"]
[Result "1-0"]
[WhiteElo "2606"]
[BlackElo "2732"]
[PlyCount "75"]
[EventDate "2016.03.15"]
[EventType "swiss (rapid)"]
[EventRounds "11"]
[EventCountry "UKR"]

1. e4 d6 2. d4 Nf6 3. Nc3 g6 4. Be3 c6 5. f3 b5 6. Qd2 Nbd7 7. g4 Nb6 8. h4 h5
9. g5 Nfd7 10. b3 Bb7 11. Bh3 Bg7 12. Rd1 e5 13. dxe5 dxe5 14. Qd6 Qe7 15. Qc7
Nb8 16. Bxb6 axb6 17. Bd7+ Nxd7 18. Qxb7 Rd8 19. Qxc6 O-O 20. Qxb5 Nc5 21. Nd5
Qe6 22. b4 Nb7 23. Ne2 Rc8 24. c4 Nd6 25. Qxb6 Rxc4 26. Nf6+ Bxf6 27. Rxd6 Qc8
28. gxf6 Rc2 29. Qe3 Kh7 30. Rd2 Rc1+ 31. Rd1 Rxd1+ 32. Kxd1 Rd8+ 33. Ke1 Qc2
34. Kf2 Qxa2 35. Rc1 Rb8 36. Qc5 Rd8 37. Rc2 Qb3 38. Qc4 1-0

[Event "Bank Lviv-open 2016 (C-Open)"]
[Site "Lviv"]
[Date "2016.03.16"]
[Round "6.2"]
[White "Volokitin, Andrei"]
[Black "Neverov, Valeriy"]
[Result "1-0"]
[WhiteElo "2640"]
[BlackElo "2482"]
[PlyCount "99"]
[EventDate "2016.03.15"]
[EventType "swiss (rapid)"]
[EventRounds "11"]
[EventCountry "UKR"]

1. e4 c5 2. Nf3 e6 3. d4 cxd4 4. Nxd4 a6 5. Bd3 Nc6 6. Nxc6 bxc6 7. O-O d5 8.
c4 Nf6 9. Qa4 Bd7 10. e5 Ng8 11. Nd2 Ne7 12. Nf3 Ng6 13. Qc2 Be7 14. g3 O-O 15.
h4 Qb8 16. Re1 f5 17. exf6 Rxf6 18. Ng5 Bd6 19. Nxh7 Kxh7 20. Bxg6+ Kg8 21. Bg5
Rf8 22. c5 Bc7 23. Qe2 Be8 24. Qxe6+ Kh8 25. Bxe8 Qxe8 26. Qxe8 Rfxe8 27. Kf1
Be5 28. Re2 Bd4 29. Rae1 Reb8 30. b3 a5 31. Bf4 Rb5 32. Bd6 a4 33. Re8+ Rxe8
34. Rxe8+ Kh7 35. bxa4 Rb2 36. Re2 Rb4 37. Be5 Rb1+ 38. Kg2 Bxe5 39. Rxe5 Rc1
40. Re6 Rxc5 41. a5 Rxa5 42. Rxc6 Rxa2 43. Rd6 Rd2 44. g4 d4 45. Kf3 Rd1 46. h5
d3 47. Ke4 d2 48. Kf4 Kg8 49. f3 Kf7 50. Ke4 1-0

[Event "Bank Lviv-open 2016 (C-Open)"]
[Site "Lviv"]
[Date "2016.03.16"]
[Round "6.3"]
[White "Bernadskiy, Vitaliy"]
[Black "Mirzoev, Emil"]
[Result "1/2-1/2"]
[WhiteElo "2570"]
[BlackElo "2433"]
[PlyCount "107"]
[EventDate "2016.03.15"]
[EventType "swiss (rapid)"]
[EventRounds "11"]
[EventCountry "UKR"]

1. d4 Nf6 2. c4 d6 3. Nf3 g6 4. Nc3 Bg7 5. e4 O-O 6. Be2 Nbd7 7. O-O e5 8. Qc2
c6 9. Rd1 exd4 10. Nxd4 Re8 11. Bf4 Qe7 12. f3 Ne5 13. Bg5 h6 14. Bh4 g5 15.
Bf2 Nh5 16. Qd2 Nf4 17. Bf1 Qf6 18. Be3 Neg6 19. Nde2 Be6 20. Nd4 Rad8 21. Nxe6
fxe6 22. g3 Nh5 23. Qe2 d5 24. cxd5 exd5 25. Bxa7 d4 26. Na4 Ne5 27. Bg2 b5 28.
Nc5 d3 29. Nxd3 Nxd3 30. Rxd3 Rxd3 31. Qxd3 Qxb2 32. Rd1 Qxa2 33. Bc5 Qe6 34.
Qd7 Nf6 35. Qxe6+ Rxe6 36. Rd8+ Kf7 37. Rc8 Nd7 38. Rc7 Ke8 39. Rc8+ Kf7 40.
Rc7 Ke8 41. Be3 Rd6 42. Bh3 Kd8 43. Ra7 Bd4 44. Bxd4 Rxd4 45. f4 gxf4 46. gxf4
b4 47. e5 Nc5 48. e6 b3 49. e7+ Ke8 50. Bg4 Nd7 51. Rb7 Kxe7 52. Bxd7 Rxd7 53.
Rxb3 Rd4 54. Rh3 1/2-1/2

[Event "Bank Lviv-open 2016 (C-Open)"]
[Site "Lviv"]
[Date "2016.03.16"]
[Round "6.4"]
[White "Mischuk, Dmitry"]
[Black "Kuzubov, Yuriy"]
[Result "0-1"]
[WhiteElo "2420"]
[BlackElo "2567"]
[PlyCount "102"]
[EventDate "2016.03.15"]
[EventType "swiss (rapid)"]
[EventRounds "11"]
[EventCountry "UKR"]

1. d4 g6 2. e4 Bg7 3. Nc3 d6 4. Be3 c6 5. Qd2 b5 6. Nf3 Nf6 7. Bd3 O-O 8. Bh6
Bg4 9. Bxg7 Kxg7 10. Qe3 Bxf3 11. Qxf3 e5 12. dxe5 dxe5 13. O-O Nbd7 14. Rfd1
Qe7 15. a4 a6 16. axb5 axb5 17. Rxa8 Rxa8 18. b3 Nc5 19. Ne2 Ne6 20. Qe3 Qc5
21. Qxc5 Nxc5 22. f3 Ra2 23. Kf2 Kf8 24. Ke3 Ke7 25. Nc3 Ra7 26. b4 Nxd3 27.
cxd3 Ra3 28. Kd2 Nh5 29. Kc2 Nf4 30. Kb2 Ra7 31. g3 Ne6 32. Ne2 Ra4 33. Kc3 Ra2
34. Rd2 Ra1 35. f4 exf4 36. Nxf4 Nxf4 37. gxf4 Rf1 38. Kd4 Kd6 39. e5+ Kc7 40.
Kc5 Rxf4 41. Ra2 Kb7 42. d4 g5 43. Rd2 g4 44. Kd6 h5 45. Kc5 h4 46. Rg2 Kc7 47.
Ra2 g3 48. hxg3 hxg3 49. Ra7+ Kb8 50. Ra2 Rg4 51. Rg2 Kc7 0-1

[Event "Bank Lviv-open 2016 (C-Open)"]
[Site "Lviv"]
[Date "2016.03.16"]
[Round "6.5"]
[White "Malakhatko, Vadim"]
[Black "Skliarov, Viktor"]
[Result "0-1"]
[WhiteElo "2553"]
[BlackElo "2401"]
[PlyCount "88"]
[EventDate "2016.03.15"]
[EventType "swiss (rapid)"]
[EventRounds "11"]
[EventCountry "UKR"]

1. c4 e5 2. Nc3 Bb4 3. Qc2 Nf6 4. a3 Bxc3 5. Qxc3 Nc6 6. Nf3 e4 7. Nd4 O-O 8.
Nxc6 dxc6 9. b3 c5 10. Bb2 a5 11. a4 b6 12. O-O-O Bf5 13. h3 Qd6 14. g4 Bg6 15.
h4 h5 16. gxh5 Bxh5 17. Rg1 Kh8 18. Rg5 Rad8 19. Qe3 Bg6 20. h5 Nxh5 21. Qh3
Kg8 22. Rxh5 Bxh5 23. Qxh5 Qf4 24. e3 Qxf2 25. Be2 Rd6 26. Rf1 Qg2 27. Bc3 Rh6
28. Qg4 Rh2 29. Qxg2 Rxg2 30. Bd1 f5 31. Be5 Rf7 32. Rh1 Rd7 33. Bc3 Re7 34.
Rf1 Rf7 35. Rh1 Re7 36. Bh5 g6 37. Bd1 Rh7 38. Rf1 Kf7 39. Bc2 Ke6 40. Re1 Rhh2
41. Kb2 g5 42. Rf1 g4 43. Bd1 g3 44. Kc1 Rf2 0-1

[Event "Bank Lviv-open 2016 (C-Open)"]
[Site "Lviv"]
[Date "2016.03.16"]
[Round "6.6"]
[White "Oleksiyenko, Mykhaylo"]
[Black "Shevchenko, Kirill"]
[Result "1-0"]
[WhiteElo "2536"]
[BlackElo "2411"]
[PlyCount "129"]
[EventDate "2016.03.15"]
[EventType "swiss (rapid)"]
[EventRounds "11"]
[EventCountry "UKR"]

1. e4 c5 2. Nf3 d6 3. c3 Nf6 4. h3 g6 5. Bd3 Bg7 6. Bc2 O-O 7. d4 d5 8. e5 Ne4
9. O-O Nc6 10. Re1 Qb6 11. dxc5 Nxc5 12. b4 Ne4 13. Be3 Qd8 14. Bf4 Qb6 15. Qe2
Bf5 16. Qe3 Qxe3 17. Rxe3 Rac8 18. Bb3 Rfd8 19. g4 Be6 20. b5 Na5 21. Nd4 Nc5
22. Nd2 Rc7 23. Bc2 Nc4 24. Nxc4 dxc4 25. Rd1 Rcd7 26. Ree1 Bd5 27. Bc1 Ne6 28.
f4 Nxd4 29. Rxd4 e6 30. Ba3 b6 31. g5 h5 32. Red1 Bf8 33. Bxf8 Kxf8 34. Kf2 Ke7
35. Ke3 h4 36. Be4 Ke8 37. Bxd5 exd5 38. f5 gxf5 39. Kf4 Ke7 40. Kxf5 a6 41. a4
axb5 42. axb5 Ra7 43. Rxh4 Ra3 44. Rc1 Ra2 45. Rf1 Rc2 46. Rf3 d4 47. Rxd4 Rxc3
48. Rxd8 Rxf3+ 49. Ke4 Rb3 50. Rc8 Rxh3 51. Rxc4 Rb3 52. Rc7+ Ke8 53. g6 fxg6
54. Kd5 Kd8 55. Rg7 Rxb5+ 56. Kd6 Kc8 57. e6 Rb1 58. Rg8+ Kb7 59. e7 Rd1+ 60.
Ke6 Re1+ 61. Kf6 Kc6 62. e8=Q+ Rxe8 63. Rxe8 b5 64. Ke5 Kc5 65. Rc8+ 1-0

[Event "Bank Lviv-open 2016 (C-Open)"]
[Site "Lviv"]
[Date "2016.03.16"]
[Round "7.1"]
[White "Kuzubov, Yuriy"]
[Black "Bortnyk, Olexandr"]
[Result "1-0"]
[WhiteElo "2567"]
[BlackElo "2606"]
[PlyCount "117"]
[EventDate "2016.03.15"]
[EventType "swiss (rapid)"]
[EventRounds "11"]
[EventCountry "UKR"]

1. d4 d6 2. Nf3 Nf6 3. c4 g6 4. Nc3 Bf5 5. e3 Bg7 6. Be2 O-O 7. O-O c6 8. b4
Qc7 9. Nh4 Bc8 10. Bb2 Nbd7 11. Nf3 Re8 12. a4 e5 13. b5 exd4 14. Nxd4 Nc5 15.
Bf3 Bd7 16. a5 a6 17. Qd2 Rad8 18. Qc2 Bg4 19. bxc6 Bxf3 20. Nxf3 bxc6 21. Na4
Qxa5 22. Bc3 Qc7 23. Nxc5 dxc5 24. Ba5 Qc8 25. Bxd8 Rxd8 26. Rfd1 Re8 27. Ra3
Ne4 28. Nd2 Nd6 29. Nf1 Qe6 30. Rxa6 Nxc4 31. Qa2 Bf8 32. Ra8 Nb6 33. Qxe6 Rxe6
34. Rb8 Nd5 35. Nd2 Kg7 36. Nc4 Re4 37. Rc1 Nb4 38. f3 Re6 39. Rd1 Be7 40. Rd7
f5 41. Kf2 Kf6 42. f4 Nd5 43. Ne5 Rd6 44. Rc8 Rxd7 45. Nxd7+ Ke6 46. Ne5 Bd6
47. Nc4 Nb4 48. Rh8 Be7 49. Rxh7 Bf6 50. Ke2 Nd5 51. Ra7 Nc3+ 52. Kd3 Nd5 53.
h3 Nb4+ 54. Ke2 Kd5 55. Nb6+ Ke6 56. g4 Bd8 57. Nc4 g5 58. Kf3 Nd5 59. gxf5+
1-0

[Event "Bank Lviv-open 2016 (C-Open)"]
[Site "Lviv"]
[Date "2016.03.16"]
[Round "7.2"]
[White "Onischuk, Vladimir"]
[Black "Malaniuk, Vladimir P"]
[Result "1-0"]
[WhiteElo "2732"]
[BlackElo "2510"]
[PlyCount "69"]
[EventDate "2016.03.15"]
[EventType "swiss (rapid)"]
[EventRounds "11"]
[EventCountry "UKR"]

1. e4 e5 2. Nf3 Nc6 3. Bb5 a6 4. Ba4 Nf6 5. O-O Be7 6. d3 d6 7. c4 Bg4 8. Be3
Nd7 9. Nbd2 O-O 10. h3 Bh5 11. g4 Bg6 12. Kg2 Rb8 13. a3 b5 14. cxb5 axb5 15.
Bb3 Na5 16. Ba2 c5 17. b4 Nc6 18. Bd5 Nd4 19. Bxd4 cxd4 20. Bc6 Rb6 21. Rc1 Nb8
22. Bd5 Na6 23. Qc2 Qd7 24. Nb3 h5 25. Kg3 Bd8 26. Nh4 Kh7 27. Qe2 Qe7 28. Nf5
Qg5 29. f4 exf4+ 30. Kg2 Bxf5 31. exf5 Bf6 32. Nd2 Rbb8 33. Ne4 Qh6 34. Rc6 Be5
35. g5 1-0

[Event "Bank Lviv-open 2016 (C-Open)"]
[Site "Lviv"]
[Date "2016.03.16"]
[Round "7.3"]
[White "Kislinsky, Alexey"]
[Black "Volokitin, Andrei"]
[Result "0-1"]
[WhiteElo "2486"]
[BlackElo "2640"]
[PlyCount "80"]
[EventDate "2016.03.15"]
[EventType "swiss (rapid)"]
[EventRounds "11"]
[EventCountry "UKR"]

1. e4 c5 2. Nf3 d6 3. Bb5+ Nd7 4. O-O a6 5. Bxd7+ Bxd7 6. c3 Nf6 7. Re1 e6 8.
d4 cxd4 9. cxd4 d5 10. e5 Ne4 11. Nbd2 Nxd2 12. Bxd2 Qb6 13. h4 h6 14. h5 Be7
15. Re3 O-O 16. Rb3 Qa7 17. Bb4 Bxb4 18. Rxb4 a5 19. Rb3 Ba4 20. g4 Bxb3 21.
axb3 f5 22. Nh4 fxg4 23. Qxg4 Qb6 24. Re1 Rac8 25. Re3 Rc1+ 26. Kg2 Rc2 27. Rf3
Rxf3 28. Nxf3 Qc6 29. Qg6 Rxb2 30. Nh2 Kf8 31. Ng4 Qe8 32. Qd3 Qxh5 33. Kg3 Qf5
34. Qc3 Qc2 35. Qxa5 Rxb3+ 36. f3 Ke7 37. Kh4 Rxf3 38. Qb4+ Ke8 39. Qb5+ Kf8
40. Qd7 g5+ 0-1

[Event "Bank Lviv-open 2016 (C-Open)"]
[Site "Lviv"]
[Date "2016.03.16"]
[Round "7.4"]
[White "Skliarov, Viktor"]
[Black "Oleksiyenko, Mykhaylo"]
[Result "1/2-1/2"]
[WhiteElo "2401"]
[BlackElo "2536"]
[PlyCount "108"]
[EventDate "2016.03.15"]
[EventType "swiss (rapid)"]
[EventRounds "11"]
[EventCountry "UKR"]

1. e4 c5 2. Nf3 e6 3. c3 d5 4. e5 d4 5. cxd4 cxd4 6. Bb5+ Bd7 7. Nxd4 Bc5 8.
Bxd7+ Qxd7 9. Nb3 Bd4 10. Nxd4 Qxd4 11. O-O Ne7 12. Qb3 b6 13. Qc3 Nbc6 14.
Qxd4 Nxd4 15. Nc3 h5 16. d3 Ndc6 17. f4 O-O-O 18. Ne4 Nf5 19. b3 Rxd3 20. Ba3
Rhd8 21. Rac1 Kb7 22. Nd6+ Nxd6 23. Bxd6 Rd7 24. Rfd1 Rxd1+ 25. Rxd1 Nb4 26. a4
Nd5 27. f5 Ne3 28. fxe6 fxe6 29. Rd3 Nf5 30. Kf2 Kc6 31. Rc3+ Kd5 32. Bb8 a6
33. h3 Rb7 34. Bc7 b5 35. a5 b4 36. Rc4 Nd4 37. Bb6 Rf7+ 38. Ke1 Rf4 39. Rc5+
Ke4 40. g3 Rf3 41. Rc4 Rd3 42. Rxb4 Kxe5 43. Bxd4+ Rxd4 44. Rb6 Rd3 45. Kf2 Kf5
46. b4 Rb3 47. Rxa6 Rxb4 48. Ra7 g5 49. a6 Ra4 50. Kf3 Ra3+ 51. Kf2 e5 52. Rh7
Rxa6 53. Rxh5 Ra2+ 54. Kf1 Ra1+ 1/2-1/2

[Event "Bank Lviv-open 2016 (C-Open)"]
[Site "Lviv"]
[Date "2016.03.16"]
[Round "7.5"]
[White "Kazakov, Mikhail"]
[Black "Vovk, Yuri"]
[Result "0-1"]
[WhiteElo "2394"]
[BlackElo "2576"]
[PlyCount "80"]
[EventDate "2016.03.15"]
[EventType "swiss (rapid)"]
[EventRounds "11"]
[EventCountry "UKR"]

1. d4 Nf6 2. c4 e6 3. Nf3 b6 4. a3 Bb7 5. Nc3 d5 6. cxd5 Nxd5 7. e3 g6 8. Bb5+
c6 9. Be2 Bg7 10. O-O O-O 11. Bd2 Nd7 12. Rc1 Qe7 13. Qa4 a5 14. Qb3 Rfd8 15.
Rfd1 Rab8 16. Be1 Ba8 17. Qc2 c5 18. Nxd5 Bxd5 19. Bc3 Rbc8 20. Qb1 cxd4 21.
Bxd4 Nc5 22. Bxg7 Kxg7 23. b4 Ne4 24. Qb2+ Qf6 25. Qxf6+ Kxf6 26. Ba6 Rxc1 27.
Rxc1 Ra8 28. Bd3 axb4 29. axb4 Ra4 30. b5 Nc5 31. Bf1 g5 32. Ne1 Ra3 33. Rd1
Rb3 34. Nc2 g4 35. h3 Rb2 36. Nd4 Ne4 37. f3 gxf3 38. gxf3 Ng5 39. e4 Bb3 40.
Nxb3 Nxf3+ 0-1

[Event "Bank Lviv-open 2016 (C-Open)"]
[Site "Lviv"]
[Date "2016.03.16"]
[Round "7.6"]
[White "Mikhaletz, Lubomir"]
[Black "Bernadskiy, Vitaliy"]
[Result "1-0"]
[WhiteElo "2353"]
[BlackElo "2570"]
[PlyCount "81"]
[EventDate "2016.03.15"]
[EventType "swiss (rapid)"]
[EventRounds "11"]
[EventCountry "UKR"]

1. d4 Nf6 2. Bg5 Ne4 3. Bh4 d5 4. f3 Nd6 5. Nc3 Nc4 6. e4 Ne3 7. Bb5+ c6 8. Qe2
cxb5 9. Qxe3 dxe4 10. fxe4 b4 11. Nd5 Qa5 12. Qg3 Na6 13. Bxe7 b3+ 14. c3 Qxa2
15. Rxa2 bxa2 16. Bxf8 a1=Q+ 17. Kf2 Qxb2+ 18. Ne2 Bg4 19. Re1 O-O-O 20. Qxg4+
f5 21. Qxf5+ Kb8 22. Bxg7 Rhg8 23. Ne7 Rge8 24. Qa5 Rd7 25. Be5+ Ka8 26. Nd5
Rf7+ 27. Kg1 Qd2 28. Rf1 Rxf1+ 29. Kxf1 Rf8+ 30. Bf4 Qd3 31. Qa3 Rg8 32. Qd6
Qxe4 33. Bg3 Qf5+ 34. Nef4 Re8 35. h3 Qb1+ 36. Kf2 Qe1+ 37. Kf3 Qd1+ 38. Kf2 h5
39. Ne6 Qc2+ 40. Kg1 Rb8 41. Qxb8+ 1-0

[Event "Bank Lviv-open 2016 (C-Open)"]
[Site "Lviv"]
[Date "2016.03.16"]
[Round "8.1"]
[White "Kuzubov, Yuriy"]
[Black "Onischuk, Vladimir"]
[Result "1-0"]
[WhiteElo "2567"]
[BlackElo "2732"]
[PlyCount "46"]
[EventDate "2016.03.15"]
[EventType "swiss (rapid)"]
[EventRounds "11"]
[EventCountry "UKR"]

1. d4 d6 2. Nf3 g6 3. c4 Bg7 4. Nc3 Nc6 5. e3 Nf6 6. Be2 O-O 7. O-O e5 8. d5
Ne7 9. b4 a5 10. bxa5 Rxa5 11. Nd2 Nd7 12. Nb3 Ra8 13. a4 f5 14. Ba3 e4 15. Qc2
b6 16. Bb4 Nc5 17. a5 f4 18. axb6 Rxa1 19. Rxa1 fxe3 20. Bxc5 dxc5 21. fxe3
cxb6 22. Rf1 Nf5 23. Nd1 Be5 {...} 1-0

[Event "Bank Lviv-open 2016 (C-Open)"]
[Site "Lviv"]
[Date "2016.03.16"]
[Round "8.2"]
[White "Bortnyk, Olexandr"]
[Black "Volokitin, Andrei"]
[Result "1/2-1/2"]
[WhiteElo "2606"]
[BlackElo "2640"]
[PlyCount "80"]
[EventDate "2016.03.15"]
[EventType "swiss (rapid)"]
[EventRounds "11"]
[EventCountry "UKR"]

1. e4 c5 2. c3 Nf6 3. e5 Nd5 4. d4 cxd4 5. Nf3 Nc6 6. cxd4 d6 7. Bc4 dxe5 8.
Nxe5 e6 9. O-O Bd6 10. Re1 O-O 11. Bxd5 exd5 12. Nc3 Bxe5 13. dxe5 d4 14. Nb5
Qa5 15. Nd6 Nxe5 16. Bf4 Nc6 17. Qf3 Nb4 18. Qg3 Qh5 19. Ne8 Bg4 20. Nxg7 Qg6
21. Re5 f6 22. Re7 Nd3 23. h3 Bxh3 24. Nh5 Nxf4 25. Qb3+ Be6 26. Nxf4 Bxb3 27.
Nxg6 hxg6 28. axb3 Rf7 29. Re6 Rd8 30. Rxa7 d3 31. Ra1 Rc7 32. Rd1 Kf7 33. Re3
d2 34. Kf1 Rc2 35. Rc3 Rxb2 36. Rc7+ Ke6 37. Rxb7 Rd5 38. Rb6+ Kf5 39. Ke2 Ra2
40. Rb4 Rb2 1/2-1/2

[Event "Bank Lviv-open 2016 (C-Open)"]
[Site "Lviv"]
[Date "2016.03.16"]
[Round "8.3"]
[White "Vovk, Yuri"]
[Black "Sivuk, Vitaly"]
[Result "0-1"]
[WhiteElo "2576"]
[BlackElo "2524"]
[PlyCount "153"]
[EventDate "2016.03.15"]
[EventType "swiss (rapid)"]
[EventRounds "11"]
[EventCountry "UKR"]

1. e4 e5 2. Nf3 Nc6 3. d4 exd4 4. Nxd4 Nf6 5. Nc3 Bb4 6. Nxc6 bxc6 7. Bd3 O-O
8. O-O d5 9. exd5 cxd5 10. Qf3 c6 11. h3 Re8 12. Ne2 Ne4 13. Bf4 Qf6 14. c3 Bf8
15. Rfe1 Nc5 16. Bc2 Ne6 17. Qd3 g6 18. Bg3 a5 19. Nd4 Ba6 20. Qf3 Qxf3 21.
Nxf3 f6 22. Rad1 Kf7 23. Ba4 Rac8 24. Bc2 Bc5 25. h4 h5 26. Nd2 Bb6 27. Bd6
Rcd8 28. Bg3 Nc5 29. Nf3 Be2 30. Rd2 Bxf3 31. Rxe8 Rxe8 32. gxf3 Re1+ 33. Kg2
f5 34. Bd6 Nb7 35. Bf4 Nc5 36. Be3 Nd7 37. Bd4 Ke6 38. b4 Bxd4 39. Rxd4 Rc1 40.
Bb3 Rxc3 41. bxa5 Nc5 42. Rb4 Kd6 43. Rb8 Kc7 44. Rb4 Rc1 45. Kg3 Ra1 46. Rd4
Nxb3 47. axb3 Rxa5 48. Kf4 Ra8 49. Ke5 Rf8 50. Rd1 Kd7 51. Rg1 Re8+ 52. Kd4 Re6
53. f4 Kd6 54. f3 c5+ 55. Kd3 Kc6 56. Ra1 Kb5 57. Ra8 d4 58. Rb8+ Rb6 59. Rc8
Kb4 60. Rc7 Rb5 61. Kc2 d3+ 62. Kxd3 Kxb3 63. Rc6 Kb4 64. Rxg6 c4+ 65. Kc2 Ra5
66. Rb6+ Kc5 67. Rf6 Kd4 68. Rd6+ Ke3 69. Rh6 Kxf3 70. Rxh5 Kxf4 71. Kc3 Kg4
72. Rg5+ Kxh4 73. Rg1 Re5 74. Kxc4 f4 75. Kd4 Re8 76. Kd3 Kh3 77. Kd4 0-1